000 00912nmm a2200277 a 4500
001 ocm000703802
003 TR-IsHL
005 20201028141819.0
008 131226s2004 tu tur
007 cr cn
035 _a703802
_b(N$T)
050 0 4 _aQA273
_b.T87 2004
090 0 4 _aQA273
_b.T87 2004
100 1 _aTuranlı, Münevver
245 1 0 _aOlasılık
_h[electronic resource] /
_cMünevver Turanlı ; Ünal H. Özden, Özlem Deniz
260 _aİstanbul :
_bİstanbul Ticaret Üniversitesi,
_c2004
300 _a174 p.
650 4 _aMatematik ve İstatistik
650 4 _aMathematics and Statistics
650 0 _aOlasılık
650 0 _aProbability
650 7 _aMATHEMATICS / Probability & Statistics / General
_2bisacsh
700 1 _aÖzden, Ünal H.
700 1 _aDeniz, Özlem
856 4 0 _uhttp://search.ebscohost.com/login.aspx?direct=true&scope=site&db=e011xww&AN=703802
999 _c8017
_d8017